Sports Quiz

Random Sports or Football Quiz

Changing NFL Logos: Green Bay Packers Quiz Stats

 Plays Quiz Updated Apr 27, 2020

     
Support Sporcle.
Go Orange.
Score 0/5 Timer 02:00
10 Plays Today
% Correct
1980
98%
1961
93.4%
1956
92.4%
1921
76%
1951
53.7%

From the Vault

What Language Don't I Speak?

by kcostell

Sporcle: Helping you be illiterate in as many languages as possible.
Remove Ads.
Support Sporcle.
Get the best of Sporcle when you Go Orange. This ad-free experience offers more features, more stats, and more fun while also helping to support Sporcle. Thank you for becoming a member.

Show Comments

Extras

Top Quizzes Today


Score Distribution

Your Account Isn't Verified!

In order to create a playlist on Sporcle, you need to verify the email address you used during registration. Go to your Sporcle Settings to finish the process.

Report this User

Report this user for behavior that violates our Community Guidelines.

Details: